00658nam a2200241 a 4500001001300000003000900013005001700022008004100039020000800080082001900088100002200107245002500129260003700154300000900191500003500200505001700235650001500252700002200267902000800289942000700297952009700304999001500401nice12345678IN_TiNIC20260116011440.0050524s1915 lona grp 000 0 eng  ac000a305.40950bCOO aCooper, Elizabeth aHarim and the Purdah aLondonbT.Fisher Unwin Ltdc1915 a309p aincludes index and biblioraphy2 aBibliography aWomen-Asia1 aCooper, Elizabeth bRBA cBK 00104070aHMIbHMId2005-05-24g0.00l0o305.40950 COOp01237r2005-05-24w2026-01-16yEB c1627d1627